[Event "17th Aeroflot Open-A 2019"]
[Site "Moscow"]
[Date "2019.02.20"]
[Round "1.25"]
[White "Afanasiev, Nikita"]
[Black "Khismatullin, Denis"]
[Result "1/2-1/2"]
[WhiteElo "2508"]
[BlackElo "2621"]
[Annotator "TA"]
[PlyCount "146"]
[EventDate "2019.02.19"]
[EventCountry "RUS"]
[SourceTitle "playchess.com"]
[Source "ChessBase"]
[SourceQuality "1"]

{[%evp 24,146,19,0,24,0,17,21,29,13,27,0,0,0,0,0,43,0,4,0,8,8,7,5,10,8,47,8,15,5,181,182,210,224,365,268,295,214,214,205,205,210,205,118,103,109,99,95,97,68,68,68,72,72,254,266,261,240,227,175,910,757,2110,2106,4817,2819,1816,1096,4713,1231,2112,4133,29962,29966,29966,29965,29974,29975,29973,29974,12802,295,29974,216,216,216,216,216,216,216,216,216,216,216,216,216,216,8,8,8,8,0,8,8,8,8,8,0,8,0,8,8,8,8,8,0,0,0,0,0,0,0,0,0,0]} 1. d4 Nf6 2. Nf3 e6 3. c4 b6 4. a3 Bb7 5. Nc3 d5 6. Bg5 Be7 7. Qa4+ c6 8. Bxf6 Bxf6 9. cxd5 exd5 10. g3 O-O 11. Bg2 Re8 12. O-O Nd7 {[%cal Bb8d7,Bd7f8,Bf8e6][%mdl 32]} 13. Rfd1 Nf8 {[#] E12: Queen's Indian: Unusual White 4th moves, 4 a3, 4 Nc3 Bb7 5 a3 and 4 Nc3 Bb7} 14. b4 $146 ({Predecessor:} 14. Rac1 Qd6 15. Qc2 Ne6 16. e3 Rad8 17. b4 g6 18. Ne2 Ba6 19. Rd2 Bc4 20. Nf4 Nxf4 21. gxf4 {½-½ (55) Le,T (2515)-Azarov,S (2575) chess.com INT 2019}) 14... Ne6 15. Qb3 Rc8 16. a4 Re7 17. a5 c5 {[%cal Rc5d4]} 18. e3 cxd4 19. Nxd4 bxa5 20. bxa5 Bxd4 21. exd4 Rc4 22. Ra4 $36 {[%mdl 2048] White is more active.} Rd7 23. a6 Bc6 {White must now prevent ...Rxc3.} 24. Rb4 Qa5 25. Nxd5 Rxb4 26. Nxb4 Bxg2 $2 (26... Ba4 $11 {and Black stays safe.} 27. Qa3 Rxd4 28. Rxd4 Nxd4) 27. Kxg2 $18 Qb5 28. d5 Nc5 (28... Nc7 $142 29. Qc3 h6) 29. Qc3 h6 30. Rc1 Ne4 31. Qc8+ Kh7 32. Qc6 Qe2 33. Rc2 (33. Qxd7 {is a self mate.} Qxf2+ 34. Kh1 Qf3+ 35. Kg1 Qf2+ 36. Kh1 Qf3+ 37. Kg1 Qe3+ 38. Kg2 Qd2+ 39. Kh1 Qxc1+ 40. Kg2 Qd2+ 41. Kh3 Ng5+ 42. Kh4 Qxh2+ 43. Kg4 Qe2+ 44. Kh4 Qe4+ 45. g4 Qe1+ 46. Kh5 Qh1#) (33. Qc2 $1 $18 {[%cal Rc2e2]} Qxc2 34. Rxc2) 33... Nd2 $16 34. Rxd2 $1 Qe4+ 35. f3 $1 {[%cal Rf3e4]} Qxb4 36. Qxd7 {[%mdl 64] Double Attack} Qxd2+ {[%mdl 4096] Endgame KQ-KQ} 37. Kh3 Qd3 38. Qxf7 {Strongly threatening d6.} ({But not} 38. Qxa7 Qxf3 39. Qc7 (39. Qb7 Qh5+ 40. Kg2 Qe2+ 41. Kg1 Qe1+ 42. Kg2 Qe2+ 43. Kg1 Qe1+ 44. Kg2 Qe2+ $11) 39... Qh5+ 40. Kg2 Qxd5+ 41. Kg1 Qd4+ 42. Kf1 Qd3+ 43. Kf2 Qd4+ 44. Kf3 Qd3+ 45. Kg2 Qe2+ 46. Kg1 Qxa6 $11) 38... Qf1+ $2 (38... Qxa6 $16 {might work better.} 39. Qf5+ Kg8) 39. Kg4 $18 Qxa6 {[#]} 40. Qe7 $1 Qc8+ 41. Kf4 Kg6 $2 {[#]} (41... Qc1+ 42. Kf5 Qc3) 42. Ke5 $1 Qc3+ 43. Kd6 a5 44. Qe4+ Kf7 45. Qe6+ (45. Kd7 $142 g6 46. d6) 45... Kf8 46. Kd7 {[%csl Gd7][%cal Re6e8]} g6 47. Qxg6 Qxf3 48. Qxh6+ Kf7 49. Qh7+ Kf6 50. Qe7+ Kg6 51. Qe6+ Kg7 52. Kc7 $2 (52. d6 Qb7+ 53. Ke8 Qa8+ 54. Ke7 Qf8+ 55. Kd7) 52... a4 $2 (52... Qc3+ $18 53. Kd8 Qc5 54. Qe7+ Qxe7+ 55. Kxe7 a4) 53. Qd7+ $2 (53. Qe5+ {mates} Kf7 54. d6 Qf2 55. Qd5+ Kf8 56. d7 Qa7+ 57. Qb7 Qc5+ 58. Qc6 Qa5+ 59. Qb6 Qc3+ 60. Kb7 Qf3+ 61. Kb8) 53... Qf7 54. Qxf7+ Kxf7 {KP-KP} 55. d6 a3 56. d7 a2 57. d8=Q a1=Q {KQ-KQ} 58. Qd5+ Kg7 59. Qg5+ Kf7 60. h4 $2 (60. Qf4+ $18 Ke6 61. Qh6+ Kf7 62. Qh5+ Ke6 63. Qg6+ Ke7 64. Qe4+ Kf6 65. Qf4+ Ke6 66. Qd6+ Kf5 67. Qf4+ Ke6) 60... Qa7+ {The position is equal.} 61. Kc6 {Qf5+ is the strong threat.} Qa6+ 62. Kd7 Qb7+ 63. Kd6 Qb6+ 64. Ke5 {And now Qf5+ would win.} Qc5+ 65. Ke4 Qc4+ 66. Kf5 {Hoping for Qf6+.} Qe6+ 67. Kf4 {Threatening mate with Qh5+.} Qc4+ 68. Kf3 {Intending Qf4+ and mate.} Qf1+ $1 69. Kg4 Qe2+ 70. Kf4 Qc4+ 71. Ke5 {White wants to mate with Qf4+.} Qc5+ 72. Ke4 Qc4+ 73. Ke5 {Qf4+ would kill now.} Qc5+ {Accuracy: White = 50%, Black = 42%.} 1/2-1/2

[Event "17th Aeroflot Open-A 2019"]
[Site "Moscow"]
[Date "2019.02.19"]
[Round "1.26"]
[White "Firouzja, Alireza"]
[Black "Sindarov, Javokhir"]
[Result "*"]
[WhiteElo "2618"]
[BlackElo "2505"]
[Annotator "TA"]
[PlyCount "44"]
[EventDate "2019.02.19"]
[EventCountry "RUS"]
[SourceTitle "playchess.com"]
[Source "ChessBase"]
[SourceQuality "1"]

{[%evp 16,25,32,29,33,20,13,20,17,16,16,14]} 1. c4 c5 2. Nf3 Nc6 3. Nc3 Nf6 4. g3 g6 5. Bg2 Bg7 6. d4 cxd4 7. Nxd4 O-O 8. O-O Qa5 9. e3 d6 {A39: Symmetrical English vs ...g6: 4 Bg2 Bg7 5 Nf3 Nf6 6 0-0 0-0 7 d4} 10. Bxc6 (10. h3 Bd7 11. Qe2 Rfc8 12. Rd1 a6 13. Bd2 Qd8 14. Rac1 Rab8 15. Nxc6 Bxc6 16. e4 Nd7 17. Bg5 h6 18. Be3 {½-½ (41) Ding,L (2778)-Bacrot,E (2718) Liaocheng 2018}) 10... bxc6 {The position is equal.} 11. Nxc6 Qc7 12. Nd5 Nxd5 13. cxd5 {[#]} {Predecessor:} Bb7 $146 14. Bd2 Bxc6 15. Rc1 Bxb2 16. Rxc6 Qd7 17. Qc2 Ba3 18. Bc3 Rfc8 19. Qe4 Bc5 20. Rb1 Qf5 21. Qxf5 gxf5 22. Bd4 Bxd4 {½-½ (22) Sasikiran,K (2639)-Sethuraman,S (2653) Pune 2016} *

[Event "17th Aeroflot Open-A 2019"]
[Site "Moscow"]
[Date "2019.02.20"]
[Round "1.26"]
[White "Firouzja, Alireza"]
[Black "Sindarov, Javokhir"]
[Result "1-0"]
[WhiteElo "2618"]
[BlackElo "2505"]
[Annotator "TA"]
[PlyCount "149"]
[EventDate "2019.02.19"]
[EventCountry "RUS"]
[SourceTitle "playchess.com"]
[Source "ChessBase"]
[SourceQuality "1"]

{[%evp 14,149,5,2,85,8,14,7,6,0,10,10,0,-15,0,-2,-8,-147,-147,-147,-146,-156,-157,-249,-150,-149,-156,-137,-139,-158,-143,-144,-133,-155,-156,-158,-152,-136,-64,-53,-55,-61,-47,-128,-47,-66,-70,-65,-36,-38,-34,-45,-33,-40,0,0,53,28,176,-16,-15,-67,-69,-81,-72,-86,-50,-120,-114,-132,-119,-131,-83,-54,0,0,0,-107,0,0,8,8,8,19,9,0,10,11,10,26,280,281,524,509,524,508,516,500,509,486,492,450,464,0,449,427,593,587,683,666,764,768,766,766,764,759,787,726,678,638,623,608,1738,1720,1633,1430,1385,1117,5085,5085,4134,4133,6095,6095,6079,6079,5114,5106]} 1. e4 e6 2. d4 d5 3. e5 c5 4. c3 Nc6 5. Nf3 Qb6 6. a3 c4 7. g3 Bd7 8. Nbd2 f5 {C02: French: Advance Variation} (8... Na5 $11) (8... Na5 9. h4 Ne7 10. Bh3 h6 11. h5 Nc8 12. O-O Qc7 13. Ne1 Nb6 14. Qe2 O-O-O 15. Ng2 Be7 16. Rb1 Rdg8 17. f4 g6 {0-1 (43) Svidler,P (2749)-Andreikin,D (2715) Moscow 2012}) 9. exf6 (9. b3 $1 $16) 9... Nxf6 $11 10. Bg2 Bd6 {The position is equal.} 11. O-O O-O 12. Qe2 Kh8 13. h3 $146 ({Predecessor:} 13. Ne5 Be8 14. f4 Bxe5 15. fxe5 Bh5 16. Bf3 Bxf3 17. Rxf3 {½-½ (35) Dzenis,J (2466)-Pesonen,S (2333) ICCF email 2008}) 13... Be8 14. Qxe6 Qc7 15. Nh4 (15. Re1 $11 {keeps the balance.}) 15... Bd7 $36 {[%mdl 2048] Black is really pushing.} 16. Qe3 Rae8 $1 {[%cal Re8e3]} 17. Qg5 Nd8 $1 {[%cal Rd8f7] White must now prevent ...Nf7.} 18. Bxd5 (18. Nhf3 $17) 18... h6 19. Ng6+ Kh7 20. Nxf8+ Bxf8 21. Qf4 Qxf4 (21... Nxd5 22. Qxc7 Nxc7 23. h4 $11) 22. gxf4 Nxd5 23. Nxc4 Bb5 $1 {[%cal Rb5c4]} 24. Ne5 Bxf1 25. Kxf1 Nb6 (25... Ne6 $1 $17 26. Nd3 Kg6) 26. Ke2 Bd6 27. Kd3 Rf8 28. Be3 (28. c4 $15) 28... Nd5 ({Black should play} 28... Ne6 $17 29. Ke4 g5 30. fxg5 Nxg5+ 31. Kd3 Nxh3) 29. Ke4 $15 Nf6+ 30. Kd3 Ne6 31. f5 {[#]} Nc5+ $1 {[%mdl 512]} 32. dxc5 Bxe5 33. Kc4 Ne8 34. Rd1 Rxf5 (34... Nf6 $11) 35. Rd7 $14 Nc7 (35... Bc7 $1 $11 {and Black has nothing to worry.}) 36. b4 $2 ({White has to play} 36. Bd4 $1 $18 {[%cal Rd4e5]} Bxd4 37. cxd4) 36... Kg6 $11 37. b5 (37. Bd4 $11 Rf4 38. a4) 37... Rf7 $15 38. Rd8 $1 Kf5 39. a4 Ke6 40. a5 (40. Bd4 $15) 40... Rd7 $17 41. Rb8 a6 $1 42. b6 Nb5 43. Ra8 g5 {[#]} (43... Nxc3 $6 44. c6 $1 $14 {[%mdl 512]}) (43... Rd1 $1 $15) 44. c6 $1 $11 {[%cal Rc6d7][%mdl 512]} bxc6 45. Bc5 (45. Kc5 $11) 45... Rf7 (45... Bxc3 $6 46. Rxa6 Be5 47. Ra8 $11) (45... Nxc3 $17 {Threatens to win with ...Ne4.} 46. Re8+ Kf5 47. Rf8+ Bf6) 46. Rxa6 Rf4+ (46... Bxc3 $6 {[#]} 47. b7 $1 $16 {[%mdl 512]}) 47. Kd3 $1 {aiming for Ra8.} Kd5 $1 {[%cal Rd5c5]} ({But not} 47... Nxc3 $6 48. Ra8 $16) ({Don't blunder} 47... Bxc3 $2 48. b7 $18) 48. Be3 Rc4 49. Bd2 {Strongly threatening Ra8.} Bxc3 {And now ...Rd4+ would win.} 50. b7 Rd4+ 51. Ke2 $1 {Hoping for Bxc3.} Rxd2+ $2 {[%mdl 8192]} (51... Rb4 $1 $11 52. Ra8 Nd4+ {[%mdl 64] Discovered Attack} 53. Kd3 Rxb7) 52. Ke3 $18 Nd4 $2 (52... Nc7 53. b8=Q Nxa6 54. Qb3+ {[%mdl 64] Double Attack} Kd6) 53. b8=Q Rd1 54. Qd8+ Ke5 55. Qe7+ Kd5 56. Qf7+ Kc5 {Black hopes to continue with ...Bd2+.} 57. Qf8+ Kd5 {...Bd2+ is the strong threat.} 58. Qf7+ Kc5 {and the idea ...Bd2+ leaves Black hopeful.} 59. Qh5 {White is clearly winning.} Nf5+ 60. Ke4 Nd6+ 61. Kf3 Rd3+ 62. Kg2 Nf5 {[#]} 63. Rxc6+ $3 {[%mdl 576] Decoy} Kxc6 64. Qg6+ {[%mdl 64] Double Attack} Rd6 65. Qxf5 {[%mdl 4096] Endgame KQ-KRB} Bd4 66. Qc8+ Kb5 67. Qb8+ Kc5 68. Qb7 Rf6 69. f3 Kc4 70. a6 Rb6 71. Qc8+ Kd3 72. Qf5+ Kc4 73. Qc2+ Kb4 74. Qd3 Kc5 75. Qa3+ {Accuracy: White = 58%, Black = 43%.} 1-0

[Event "17th Aeroflot Open-A 2019"]
[Site "Moscow"]
[Date "2019.02.20"]
[Round "1.27"]
[White "Liu, Yan"]
[Black "Van Foreest, Jorden"]
[Result "1-0"]
[WhiteElo "2498"]
[BlackElo "2618"]
[Annotator "TA"]
[PlyCount "85"]
[EventDate "2019.02.19"]
[EventCountry "RUS"]
[SourceTitle "playchess.com"]
[Source "ChessBase"]
[SourceQuality "1"]

{[%evp 25,85,15,25,-6,0,-5,67,64,64,64,63,64,76,83,93,70,108,108,115,115,115,115,115,102,102,102,99,102,115,115,146,140,164,164,164,164,164,164,225,229,224,215,267,260,266,259,249,238,241,223,226,226,519,475,964,886,4952,2584,2583,2189,2116,2086]} 1. Nf3 d5 2. d4 Nf6 3. c4 e6 4. g3 dxc4 5. Bg2 c5 6. O-O Nc6 7. dxc5 Qxd1 8. Rxd1 Bxc5 9. Nbd2 c3 10. bxc3 O-O 11. Nb3 Be7 12. Nfd4 Bd7 13. Bg5 {E04: Open Catalan: 5 Nf3} (13. Nxc6 Bxc6 14. Bxc6 bxc6 15. Bg5 h6 16. Bxf6 Bxf6 17. Rac1 Rfb8 18. Rc2 Rd8 19. Rxd8+ Rxd8 20. c4 Kf8 {½-½ (31) Malakhov,V (2654)-Harikrishna,P (2729) Germany 2018}) 13... Rac8 {LiveBook: 6 Games} 14. Bxf6 (14. Nf5 {is more complex.} exf5 15. Bxf6 Be6 16. Bxe7 Nxe7 17. Bxb7 Rxc3 18. Nd4) 14... Bxf6 15. Nc5 {[#] The position is equal.} Nb8 $146 ({Black should play} 15... Nxd4 $11 16. cxd4 Bb5) ({Predecessor:} 15... Nxd4 16. cxd4 Bb5 17. Bxb7 Bxe2 18. Bxc8 Bxd1 19. Bxe6 Bf3 20. Bh3 Bxd4 {0-1 (49) Sriram,J (2446)-Kotanjian,T (2517) Beirut 2011}) 16. Nxd7 $14 ({Of course not} 16. Nxb7 $6 Rxc3 17. e3 e5 $11) 16... Nxd7 {[#]} 17. Nxe6 $1 {[%mdl 512]} fxe6 18. Rxd7 Rxc3 19. Rb1 Rc2 20. e3 Rxa2 21. Bh3 Ra6 22. Rbxb7 Ra8 23. Bg4 Rc6 24. Rxa7 Rxa7 25. Rxa7 $16 {[%mdl 4096] Endgame KRB-KRB} Kf8 26. Bf3 Rd6 27. Be4 Kg8 28. h4 {[%cal Bh2h4,Bh4h5][%mdl 32]} Rd8 29. Kg2 Rc8 30. Ra6 e5 31. h5 h6 (31... Rf8 {was necessary.} 32. Bd5+ Kh8) 32. Bg6 $18 Kf8 33. Ra7 Rb8 34. f4 Rb5 35. Kf3 Rc5 36. Ke4 Rb5 37. Bf7 Rb4+ 38. Kf5 Rb5 $2 {[#]} (38... Rb6 39. Bg6 (39. fxe5 Rb5 $16) 39... Rb5) 39. Kg6 {White is clearly winning.} Rb6 (39... Rc5 $142 40. Kh7 Be7) 40. Kh7 Rb8 41. Bg6 Be7 42. e4 Rd8 43. f5 {Precision: White = 85%, Black = 26%.} 1-0

[Event "17th Aeroflot Open-A 2019"]
[Site "Moscow"]
[Date "2019.02.19"]
[Round "1.27"]
[White "Liu, Yan"]
[Black "Van Foreest, Jorden"]
[Result "*"]
[WhiteElo "2498"]
[BlackElo "2618"]
[Annotator "ChessBase"]
[PlyCount "22"]
[EventDate "2019.02.19"]
[EventCountry "RUS"]
[SourceTitle "playchess.com"]
[Source "ChessBase"]
[SourceQuality "1"]
[TimeControl "40/5400+30:1800+30"]

1. Nf3 {[%emt 0:00:00]} d5 {[%emt 0:00:00]} 2. e3 {[%emt 0:00:00]} Nf6 {[%emt 0:00:00]} 3. c4 {[%emt 0:00:00]} e6 {[%emt 0:00:00]} 4. b3 {[%emt 0:00:00]} c5 {[%emt 0:00:00]} 5. Bb2 {[%emt 0:00:00]} Nc6 {[%emt 0:00:00]} 6. cxd5 {[%emt 0:00:00]} exd5 {[%emt 0:00:00]} 7. Be2 {[%emt 0:03:30]} d4 {[%emt 0:00:00]} 8. Bb5 {[%emt 0:02:27]} Bd6 {[%emt 0:00:00]} 9. Bxc6+ {[%emt 0:04:30]} bxc6 {[%emt 0:00:00]} 10. Na3 {[%emt 0:00:44]} O-O {[%emt 0:00:00]} 11. Nc4 {[%emt 0:04:45]} Re8 {[%emt 0:01:49]} *

[Event "17th Aeroflot Open-A 2019"]
[Site "Moscow"]
[Date "2019.02.19"]
[Round "1.28"]
[White "Martirosyan, Haik M."]
[Black "Gagare, Shardul"]
[Result "*"]
[WhiteElo "2616"]
[BlackElo "2495"]
[Annotator "RC"]
[PlyCount "22"]
[EventDate "2019.02.19"]
[EventCountry "RUS"]
[SourceTitle "playchess.com"]
[Source "ChessBase"]
[SourceQuality "1"]
[TimeControl "40/5400+30:1800+30"]

1. d4 {[%emt 0:00:00]} Nf6 {[%emt 0:00:00]} 2. Nf3 {[%emt 0:00:00]} d5 {[%emt 0:00:00]} 3. c4 {[%emt 0:00:00]} e6 {[%emt 0:00:00]} 4. Nc3 {[%emt 0:00:00]} Be7 {[%emt 0:00:00]} 5. Bg5 {[%emt 0:00:00]} h6 {[%emt 0:00:00]} 6. Bxf6 {[%emt 0:00:00]} Bxf6 {[%emt 0:00:00]} 7. Rc1 {[%emt 0:00:00]} O-O {[%emt 0:00:00]} 8. e3 {[%emt 0:00:00]} c6 {[%emt 0:00:00]} 9. Bd3 {[%emt 0:00:00]} Nd7 {[%emt 0:00:00]} 10. O-O {[%emt 0:03:47]} a6 {[%emt 0:00:00]} 11. b3 {[%emt 0:17:14]} b5 {[%emt 0:00:56]} *

[Event "17th Aeroflot Open-A 2019"]
[Site "Moscow"]
[Date "2019.02.20"]
[Round "1.28"]
[White "Martirosyan, Haik M."]
[Black "Gagare, Shardul"]
[Result "1-0"]
[WhiteElo "2616"]
[BlackElo "2495"]
[Annotator "TA"]
[PlyCount "91"]
[EventDate "2019.02.19"]
[EventCountry "RUS"]
[SourceTitle "playchess.com"]
[Source "ChessBase"]
[SourceQuality "1"]

{[%evp 14,91,11,-24,0,-9,10,7,31,36,9,23,24,-6,28,28,24,27,19,19,19,19,21,19,20,22,48,37,63,7,117,98,143,124,884,880,870,866,864,841,603,857,643,821,773,599,753,718,1491,1275,5744,1539,29984,29985,29985,29986,29986,29987,29987,1357,29988,29989,29986,29973,29980,29981,29981,29982,29982,29983,29983,29984,29984,29985,29985,29986,29983,29984,29984,29985]} 1. d4 Nf6 2. Nf3 d5 3. c4 e6 4. Nc3 Be7 5. Bg5 h6 6. Bxf6 Bxf6 7. Qc2 O-O 8. O-O-O Nc6 {D53: Queen's Gambit Declined: 4 Bg5 Be7: Early deviations} 9. e4 {[%cal Rc4d5]} (9. e3 Nb4 10. Qb3 a5 11. a3 dxc4 12. Bxc4 Nc6 13. Qc2 a4 14. Nxa4 Bd7 15. Nc5 Na5 16. Ne5 {1-0 (41) Le,Q (2718)-Fressinet,L (2687) Almaty 2016}) 9... dxc4 {[%cal Rc6d4]} 10. e5 $1 {[%cal Re5f6]} Nb4 {The position is equal.} 11. Qe4 $1 Be7 12. Bxc4 Bd7 13. a3 $132 {[%mdl 2048] White puts up resistance} Bc6 $146 (13... b5 {looks sharper.} 14. Bb3 Bc6 15. d5 Nxd5 16. Bxd5 exd5 17. Nxd5 Bxd5 18. Qxd5 Qe8) ({Predecessor:} 13... b5 14. Bb3 Bc6 15. d5 Nxd5 16. Nxd5 Bxd5 17. Bxd5 exd5 18. Rxd5 {1-0 (49) Daus,P (2387)-Raffaele,E (2245) LSS email 2007}) 14. d5 Nxd5 15. Nxd5 exd5 16. Bxd5 Bxd5 17. Rxd5 Qe8 18. Kb1 b5 19. h4 b4 20. Ng5 {[%csl Gg5][%cal Re4h7]} g6 ({But not} 20... hxg5 $2 21. hxg5 f5 22. exf6 $18) 21. axb4 (21. e6 $1 $14 f5 22. Qc4) 21... hxg5 (21... Rb8 $1 $11 22. e6 Rxb4 23. exf7+ Qxf7 24. Qxb4 Qxd5 {[%mdl 64] Double Attack} 25. Qxe7 hxg5) 22. hxg5 $16 {Intending Qh4 and mate.} Kg7 {Strongly threatening ...Rd8.} 23. e6 f6 $2 {[%mdl 8192]} (23... Bxg5 $16 24. Rxg5 Qxe6 25. Qd4+ f6) 24. Rd7 $18 Rd8 25. Rxc7 {And now Qh4 would win.} fxg5 26. Qb7 Kf6 27. Qf3+ Kg7 {[#]} 28. Qc3+ $1 Rf6 29. Rh7+ {[%mdl 64] Deflection} Kxh7 30. Qxf6 $1 Rd1+ 31. Kc2 Rd2+ 32. Kb3 Kh6 33. Rxe7 {[%mdl 4096] Endgame KQR-KQR} Rd3+ 34. Kc4 Qd8 35. Qg7+ Kh5 36. Qh7+ Kg4 37. Rd7 {White mates.} Qb6 38. f3+ Kg3 39. Qh3+ Kf2 40. Rxd3 a5 {[#]} 41. f4 $1 Qxb4+ (41... gxf4 42. Qf3+) 42. Kd5 Qb7+ 43. Kd6 Qb4+ 44. Kd7 Qb5+ 45. Ke7 Qb4+ 46. Kf7 {Accuracy: White = 86%, Black = 53%.} 1-0

[Event "17th Aeroflot Open-A 2019"]
[Site "Moscow"]
[Date "2019.02.20"]
[Round "1.29"]
[White "Karthik Venkataraman"]
[Black "Zhou, Jianchao"]
[Result "0-1"]
[WhiteElo "2494"]
[BlackElo "2615"]
[Annotator "RC"]
[PlyCount "80"]
[EventDate "2019.02.19"]
[EventCountry "RUS"]
[SourceTitle "playchess.com"]
[Source "ChessBase"]
[SourceQuality "1"]
[TimeControl "40/5400+30:1800+30"]

1. Nf3 {[%emt 0:00:00]} d5 {[%emt 0:00:00]} 2. e3 {[%emt 0:00:00]} Nf6 {[%emt 0:00:00]} 3. c4 {[%emt 0:00:00]} e6 {[%emt 0:00:02]} 4. Nc3 {[%emt 0:00:00]} Be7 {[%emt 0:02:52]} 5. b3 {[%emt 0:00:09]} O-O {[%emt 0:00:28]} 6. Bb2 {[%emt 0:00:03]} dxc4 {[%emt 0:01:14]} 7. bxc4 {[%emt 0:02:21]} c5 {[%emt 0:02:09]} 8. Qc2 {[%emt 0:00:11]} b6 {[%emt 0:02:41]} 9. Be2 {[%emt 0:01:58]} Bb7 {[%emt 0:00:10]} 10. a3 {[%emt 0:01:51]} Nc6 {[%emt 0:02:13]} 11. h4 {[%emt 0:01:01]} Qd7 {[%emt 0:19:08]} 12. Ng5 {[%emt 0:04:53]} Rfd8 {[%emt 0:07:58]} 13. Rd1 {[%emt 0:15:30]} Ne5 {[%emt 0:23:45]} 14. d3 {[%emt 0:46:53]} h6 {[%emt 0:13:04]} 15. Nf3 {[%emt 0:01:16]} Nxf3+ {[%emt 0:05:22]} 16. gxf3 {[%emt 0:01:43]} Ne8 {[%emt 0:04:31]} 17. h5 {[%emt 0:05:47]} Bf6 {[%emt 0:06:38]} 18. Rg1 {[%emt 0:00:08]} Qe7 {[%emt 0:00:52]} 19. f4 {[%emt 0:05:11]} Nd6 {[%emt 0:01:51]} 20. Bg4 {[%emt 0:03:01]} Bc6 {[%emt 0:00:51]} 21. Rd2 {[%emt 0:02:46]} b5 {[%emt 0:02:32]} 22. cxb5 {[%emt 0:01:53]} Nxb5 {[%emt 0:00:13]} 23. Nxb5 {[%emt 0:02:21]} Bxb5 {[%emt 0:00:06]} 24. Bxf6 {[%emt 0:01:01]} Qxf6 {[%emt 0:00:01]} 25. Qxc5 {[%emt 0:00:07]} Rd5 {[%emt 0:02:20]} 26. Qb4 {[%emt 0:01:46]} Bxd3 {[%emt 0:00:41]} 27. Bf3 {[%emt 0:00:57]} Rb5 {[%emt 0:00:23]} 28. Qxb5 {[%emt 0:00:30]} Qa1+ {[%emt 0:01:02]} 29. Rd1 {[%emt 0:00:05]} Qc3+ {[%emt 0:00:05]} 30. Rd2 {[%emt 0:00:02]} Bxb5 {[%emt 0:00:30]} 31. Bxa8 {[%emt 0:00:06]} Qc1+ {[%emt 0:00:49]} 32. Rd1 {[%emt 0:00:03]} Qc3+ {[%emt 0:00:53]} 33. Rd2 {[%emt 0:00:04]} Qa1+ {[%emt 0:00:24]} 34. Rd1 {[%emt 0:00:06]} Qxa3 {[%emt 0:00:11]} 35. Rd8+ {[%emt 0:02:03]} Kh7 {[%emt 0:00:01]} 36. Be4+ {[%emt 0:00:08]} f5 {[%emt 0:00:07]} 37. Bf3 {[%emt 0:00:05]} Qb4+ {[%emt 0:01:16]} 38. Rd2 {[%emt 0:00:08]} a5 {[%emt 0:00:32]} 39. Be2 {[%emt 0:01:51]} Be8 {[%emt 0:00:34]} 40. Bd1 {[%emt 0:00:00]} a4 {[%emt 0:00:00]} 0-1

[Event "17th Aeroflot Open-A 2019"]
[Site "Moscow"]
[Date "2019.02.19"]
[Round "1.29"]
[White "Karthik Venkataraman"]
[Black "Zhou, Jianchao"]
[Result "*"]
[WhiteElo "2494"]
[BlackElo "2615"]
[Annotator "RC"]
[PlyCount "25"]
[EventDate "2019.02.19"]
[EventCountry "RUS"]
[SourceTitle "playchess.com"]
[Source "ChessBase"]
[SourceQuality "1"]
[TimeControl "40/5400+30:1800+30"]

1. e4 {[%emt 0:00:00]} c5 {[%emt 0:00:00]} 2. Nf3 {[%emt 0:00:00]} d6 {[%emt 0:00:00]} 3. d4 {[%emt 0:00:00]} cxd4 {[%emt 0:00:00]} 4. Nxd4 {[%emt 0:00:00]} Nf6 {[%emt 0:00:00]} 5. Nc3 {[%emt 0:00:00]} a6 {[%emt 0:00:00]} 6. Bg5 {[%emt 0:00:00]} Nbd7 {[%emt 0:00:00]} 7. Bc4 {[%emt 0:00:00]} Qb6 {[%emt 0:00:00]} 8. O-O {[%emt 0:00:00]} Qc5 {[%emt 0:00:00]} 9. Bd5 {[%emt 0:00:00]} e6 {[%emt 0:00:00]} 10. Re1 {[%emt 0:03:22]} Ne5 {[%emt 0:00:00]} 11. Bb3 {[%emt 0:09:36]} Be7 {[%emt 0:00:00]} 12. Qd2 {[%emt 0:01:22]} O-O {[%emt 0:06:08]} 13. Rad1 {[%emt 0:00:53]} *

[Event "17th Aeroflot Open-A 2019"]
[Site "Moscow"]
[Date "2019.02.20"]
[Round "1.30"]
[White "Chigaev, Maksim"]
[Black "Vokhidov, Shamsiddin"]
[Result "1-0"]
[WhiteElo "2613"]
[BlackElo "2494"]
[Annotator "TA"]
[PlyCount "65"]
[EventDate "2019.02.19"]
[EventCountry "RUS"]
[SourceTitle "playchess.com"]
[Source "ChessBase"]
[SourceQuality "1"]

{[%evp 11,65,6,20,15,20,22,20,25,38,23,27,19,20,0,0,19,29,0,0,0,49,43,66,66,177,195,192,206,232,168,388,396,399,395,386,373,523,512,29990,2005,29991,1076,1532,1540,1430,972,953,922,1044,1025,1343,1310,1288,1263,1233,1226]} 1. e4 e5 2. Nf3 Nc6 3. Bc4 Bc5 4. O-O Nf6 5. d3 d6 6. c3 a6 7. a4 {C54: Giuoco Piano: 4 c3 Nf6, main lines with 5 d4 and 5 d3} Ba7 (7... O-O 8. Bg5 h6 9. Bh4 g5 10. Bg3 Ba7 11. Nbd2 Nh7 12. h3 h5 13. d4 h4 14. Bh2 g4 15. hxg4 Bxg4 16. dxe5 dxe5 {1-0 (45) Duda,J (2738)-Kramnik,V (2777) Wijk aan Zee 2019}) 8. Nbd2 O-O 9. h3 {The position is equal.} Kh8 10. b4 Ng8 $146 ({Predecessor:} 10... d5 11. exd5 Nxd5 12. Ne4 f5 13. Neg5 Nxc3 14. Qe1 e4 15. dxe4 Nxe4 16. Nxe4 fxe4 {0-1 (32) Rasch,H (2301)-Derichs,R (2307) Germany 2008}) 11. b5 Na5 $1 12. Ba2 axb5 13. axb5 Bd7 14. Bb1 Bb6 15. c4 f5 16. Bb2 $36 {[%mdl 2048] White has the initiative.} Qf6 17. Bc3 Ne7 {[#]} (17... c5 $14) 18. c5 $1 $18 {[%cal Rc5b6][%mdl 512]} dxc5 (18... Bxc5 19. Rxa5) 19. Nxe5 ({Weaker is} 19. Bxe5 Qh6 $11) 19... Bxb5 20. Ba2 Qd6 $2 (20... Bxd3 21. Nf7+ Rxf7 22. Bxf6 Rxf6) 21. Nf7+ Rxf7 22. Bxf7 Qxd3 23. Ra3 {Hoping for Qa1.} Qd8 {[#]} (23... Rf8 {keeps fighting.} 24. Bxg7+ Kxg7 25. Rxd3 Bxd3) 24. Qa1 $1 {[%csl Ga1][%cal Rc3g7][%mdl 512]} h6 (24... Qf8 $18 25. Bc4 {[%mdl 64] Pin} Bc6 26. Bxa5 fxe4 27. Bxb6 Rxa3 28. Qxa3 cxb6) 25. Bxg7+ Kh7 {[#]} 26. Rd1 (26. Qf6 $142 $1 {[%mdl 512]} Qd6 {[#]} 27. Be6 $1 {[%mdl 512]} Ng6 28. exf5 Be8 29. fxg6+ Bxg6 30. Rg3 Qxg3 31. fxg3) 26... Nec6 {White is clearly winning.} 27. exf5 Nd4 28. Bxd4 cxd4 29. Bg6+ Kh8 30. Nf3 {[%cal Bd2f3,Bf3e5,Be5f7][%mdl 32]} c5 31. Ne5 Kg7 32. Nf7 Qh4 33. Rb1 {Accuracy: White = 72%, Black = 46%.} 1-0